00469 2200169 4500001002100000005001500021035002000036245005700056100002100113250001700134300003500151260003300186082001200219084001800231020002600249650002400275INLIS00000000000093120250317114254 a0010-03250000271 aInformatika 3 :bSD/MI Kelas III /cSubroto Rahardjo0 aSubroto Rahardjo acetakan ke-1 avi, 106 hlm :bilus ;c28,5 cm aJakarta :bYudhistira,c2019 a004.071 a004.071 SUB i a978-979-602-445-850-8 4aTeknologi Informasi